000 00909nam a2200265Ia 4500
003 OSt
005 20220923220220.0
006 a|||||r|||| 00| 0
007 ta
008 220922b |||||||| |||| 00| 0 hin d
024 _a185,135
037 _cTextual
040 _aARTS
_cARTS
_bhin
041 _2hin
_ahin
082 _aO152,1(Delta25):g, M1
100 _aप्रसाद, रामाशीष
_9156271
245 0 _aसन्त काव्य में रहस्यवाद
246 _aSanta kāvya mean rahasyavāda
260 _aपटना
_b अनुपम प्रकाशन
_c1981
300 _a258 पृ.
_ccm.
650 _a हिन्दी साहित्य
_9156264
650 _aहिन्दी कविता
942 _hO152,1(Delta25):g, M1
_cTEXL
_2CC
999 _c338381
_d338381